000 00413nam a2200181Ia 4500
008 210210b1934 xxu||||| |||| 00| 0 eng d
041 _aeng
082 _a389/20
100 _aCOMMERCIAL EXAMINATION BOARD
245 _aIndian merchants chamber
260 _aBombay
_b-
_c1934
300 _a73
650 _amerchants
650 _aIndian
650 _achamber
690 _aAccountancy
906 _a005735
999 _c124689
_d124689